Structured computer organization /
Guardado en:
| Autor Principal: | |
|---|---|
| Formato: | Libro |
| Idioma: | English |
| Publicado: |
Englewood Cliffs, N.J. :
Prentice Hall,
c1990.
|
| Edición: | 3rd ed. |
| Materias: | |
| Etiquetas: |
Agregar Etiqueta
Sin Etiquetas, Sea el primero en etiquetar este registro!
|
| LEADER | 00881cam a2200265 a 4500 | ||
|---|---|---|---|
| 001 | DCC.dcic000697 | ||
| 008 | 890726s1990####njua#####b####001#0#eng## | ||
| 005 | 20151124144254.0 | ||
| 245 | 1 | 0 | |a Structured computer organization / |c Andrew S. Tanenbaum. |
| 250 | |a 3rd ed. | ||
| 260 | |a Englewood Cliffs, N.J. : |b Prentice Hall, |c c1990. | ||
| 300 | |a xvii, 587 p. : |b il. ; |c 24 cm. | ||
| 504 | |a Incluye referencias bibliográficas (p. 535-552) e índice. | ||
| 020 | |a 0138546622 | ||
| 100 | 1 | |a Tanenbaum, Andrew S., |d 1944- | |
| 082 | 0 | 0 | |a 004.2/2 |2 20 |
| 650 | 0 | |a Computer programming. | |
| 650 | 0 | |a Computer organization. | |
| 010 | |a 89038299 | ||
| 040 | |a DLC |c DLC |d DLC | ||
| 050 | 0 | 0 | |a QA76.6 |b .T38 1990 |
| 859 | |a DCIC |b BIB. COMPUTACION |p 1000 |t 1 | ||
| 859 | |a DCIC |b BIB. COMPUTACION |p 1001 |t 2 | ||
| 859 | |a DCIC |b BIB. COMPUTACION |p 1461 |t 3 | ||
| 859 | |a DCIC |b BIB. COMPUTACION |p 0999 |t 4 | ||
